MDQL
is popping MORE tags! Check the
thread
!
Quizzes
Events
Quiz Creation
Community
Videos
Private Events
Remove Ads
Sign In
Join for FREE
Feedback
Dark Mode
Quiz Categories
Sports
Geography
Music
Movies
Television
Just For Fun
Miscellaneous
History
Literature
Language
Science
Gaming
Entertainment
Religion
Holiday
For Kids
Quiz Lab
Recent
Popular Today
Quiz Kudos Today
Editor Picks
Curator Picks
Quizzes by...
Day
Popularity
Type
Ratings
Length
Year
Community
Subscriptions
Recent Discussions
Orange Saloon
Badges
Playlists
Quests
Create
Leaderboards
Showdown
Live 5
Trivia Bingo
Activity
Puzzle Library
Sporcle Events
Private Events
Virtual Trivia
Globe League
Become a Host
Pub Owners
SporcleCon
Opinionation
Our Games
Videos
Blog
Mobile Apps
Partnerships
Remove Ads and Go Orange
Feedback
Sports
Athletes
MLB
NBA
NHL
NFL
Soccer
Sports Teams
WWE
NCAA
Football
Premier League
Basketball
Baseball
Hockey
Golf
Tennis
Cricket
Rugby
Auto Racing
Olympics
World Cup
Sports
Athletes
MLB
NBA
NHL
NFL
Soccer
Sports Teams
WWE
NCAA
Football
Premier League
Basketball
Baseball
Hockey
Golf
Tennis
Cricket
Rugby
Auto Racing
Olympics
World Cup
Random Quiz
Search Sporcle
×
Quiz Lab
Quiz Lab
Sports
team
Type in answers that appear in a list
Type in answers that appear in a list
Classic
Best Score? Go Orange.
Players With 40+ HR/120+ RBI In A Season Stats
Can you name the players to have 40+ HR/120+ RBI in a season?
By
lukemaltais
15m
173 Questions
128 Plays
128 Plays
128 Plays
Comments
Comments
Give Quiz Kudos
Give Quiz Kudos
-
- Ratings
hide this ad
Replay
Link that replays current quiz
Next Quiz
Link to next quiz in quiz playlist
You Got
0%
They Got
Avg Score
91%
Avg Friend Score
Upgrade to see
Score Distribution
Jump to the score distribution portion of the page
Score
0/173
Timer
15:00
0
Plays Today
Year & Team(s)
Player
% Correct
2007 Yankees
Alex Rodriguez
100%
2005 Yankees
Alex Rodriguez
100%
2002 Rangers
Alex Rodriguez
100%
2001 Rangers
Alex Rodriguez
100%
2000 Mariners
Alex Rodriguez
100%
1998 Mariners
Alex Rodriguez
100%
1999 Cardinals
Mark McGwire
99.2%
1998 Cardinals
Mark McGwire
99.2%
1997 Athletics/
Cardinals
Mark McGwire
99.2%
1998 Cubs
Sammy Sosa
99.2%
1999 Cubs
Sammy Sosa
99.2%
2000 Cubs
Sammy Sosa
99.2%
2001 Cubs
Sammy Sosa
99.2%
1920 Yankees
Babe Ruth
99.2%
1921 Yankees
Babe Ruth
99.2%
1923 Yankees
Babe Ruth
99.2%
1924 Yankees
Babe Ruth
99.2%
1926 Yankees
Babe Ruth
99.2%
1927 Yankees
Babe Ruth
99.2%
1928 Yankees
Babe Ruth
99.2%
1929 Yankees
Babe Ruth
99.2%
1930 Yankees
Babe Ruth
99.2%
1931 Yankees
Babe Ruth
99.2%
1932 Yankees
Babe Ruth
99.2%
2006 Phillies
Ryan Howard
99.2%
2007 Phillies
Ryan Howard
99.2%
2008 Phillies
Ryan Howard
99.2%
2009 Phillies
Ryan Howard
99.2%
1999 Mariners
Ken Griffey
99.2%
1998 Mariners
Ken Griffey
99.2%
1997 Mariners
Ken Griffey
99.2%
1970 Senators
Frank Howard
99.2%
2005 Red Sox
David Ortiz
99.2%
2004 Red Sox
David Ortiz
99.2%
2004 Red Sox
David Ortiz
99.2%
2001 Giants
Barry Bonds
98.4%
1996 Giants
Barry Bonds
98.4%
1993 Giants
Barry Bonds
98.4%
2006 Braves
Andruw Jones
98.4%
2005 Braves
Andruw Jones
98.4%
1991 Tigers
Cecil Fielder
98.4%
1990 Tigers
Cecil Fielder
98.4%
2009 Brewers
Prince Fielder
98.4%
1936 Yankees
Lou Gehrig
98.4%
1934 Yankees
Lou Gehrig
98.4%
1931 Yankees
Lou Gehrig
98.4%
1930 Yankees
Lou Gehrig
98.4%
1927 Yankees
Lou Gehrig
98.4%
2000 Astros
Jeff Bagwell
98.4%
1999 Astros
Jeff Bagwell
98.4%
1997 Astros
Jeff Bagwell
98.4%
1998 Rangers
Juan Gonzalez
98.4%
1997 Rangers
Juan Gonzalez
98.4%
1996 Rangers
Juan Gonzalez
98.4%
2013 Tigers
Miguel Cabrera
98.4%
2012 Tigers
Miguel Cabrera
98.4%
2001 Diamondbacks
Luis Gonzalez
97.7%
2010 Blue Jays
Jose Bautista
97.7%
Year & Team(s)
Player
% Correct
2003 Phillies
Jim Thome
97.7%
2001 Indians
Jim Thome
97.7%
2009 Cardinals
Albert Pujols
97.7%
2006 Cardinals
Albert Pujols
97.7%
2003 Cardinals
Albert Pujols
97.7%
2002 Cardinals
Albert Pujols
97.7%
1979 Brewers
Gorman Thomas
97.7%
2000 White Sox
Frank Thomas
97.7%
1996 White Sox
Frank Thomas
97.7%
2013 Orioles
Chris Davis
96.9%
1996 Indians
Albert Belle
96.9%
1995 Indians
Albert Belle
96.9%
2001 Rockies
Todd Helton
96.9%
2000 Rockies
Todd Helton
96.9%
1997 Rockies
Larry Walker
96.9%
1949 Red Sox
Ted Williams
96.9%
1962 Giants
Willie Mays
96.9%
2016 Rockies
Nolan Arenado
96.9%
2016 Blue Jays
Edwin Encarnacion
96.9%
1961 Yankees
Mickey Mantle
96.1%
1956 Yankees
Mickey Mantle
96.1%
1966 Braves
Hank Aaron
96.1%
1963 Braves
Hank Aaron
96.1%
1960 Braves
Hank Aaron
96.1%
2005 Red Sox
Manny Ramirez
96.1%
2004 Red Sox
Manny Ramirez
96.1%
1999 Indians
Manny Ramirez
96.1%
1998 Indians
Manny Ramirez
96.1%
1970 Cubs
Billy Williams
96.1%
2001 Dodgers
Shawn Green
95.3%
1999 Blue Jays
Shawn Green
95.3%
1991 Athletics
Jose Canseco
95.3%
1988 Athletics
Jose Canseco
95.3%
1972 Reds
Johnny Bench
95.3%
1970 Reds
Johnny Bench
95.3%
2006 Astros
Lance Berkman
95.3%
2002 Astros
Lance Berkman
95.3%
1932 Athletics
Jimmie Foxx
94.5%
1933 Athletics
Jimmie Foxx
94.5%
1934 Athletics
Jimmie Foxx
94.5%
1936 Red Sox
Jimmie Foxx
94.5%
1938 Red Sox
Jimmie Foxx
94.5%
2012 Rangers
Josh Hamilton
94.5%
2004 Dodgers
Adrian Beltre
93.8%
1997 Rockies
Andres Galarraga
93.8%
1996 Rockies
Andres Galarraga
93.8%
1978 Red Sox
Jim Rice
93.8%
2003 Blue Jays
Carlos Delgado
93.8%
2000 Blue Jays
Carlos Delgado
93.8%
1999 Blue Jays
Carlos Delgado
93.8%
2000 Expos
Vladimir Guerrero
93.8%
1999 Expos
Vladimir Guerrero
93.8%
1969 Twins
Harmon Killebrew
93%
1962 Twins
Harmon Killebrew
93%
1980 Phillies
Mike Schmidt
93%
2001 Rangers
Rafael Palmeiro
93%
1999 Rangers
Rafael Palmeiro
93%
1998 Orioles
Rafael Palmeiro
93%
Year & Team(s)
Player
% Correct
2007 Devil Rays
Carlos Pena
93%
1996 Mariners
Jay Buhner
93%
1995 Mariners
Jay Buhner
93%
1997 Yankees
Tino Martinez
93%
1996 Red Sox
Mo Vaughn
93%
1961 Yankees
Roger Maris
92.2%
1966 Orioles
Frank Robinson
92.2%
1987 Blue Jays
George Bell
92.2%
1937 Tigers
Hank Greenberg
91.4%
1938 Tigers
Hank Greenberg
91.4%
1940 Tigers
Hank Greenberg
91.4%
1947 Tigers
Hank Greenberg
91.4%
1969 Giants
Willie McCovey
91.4%
2015 Blue Jays
Josh Donaldson
91.4%
1997 Dodgers
Mike Piazza
91.4%
1999 Mets
Mike Piazza
91.4%
2003 Brewers
Richie Sexson
90.6%
2001 Brewers
Richie Sexson
90.6%
1967 Red Sox
Carl Yastrzemski
90.6%
1996 Marlins
Gary Sheffield
90.6%
1930 Cubs
Hack Wilson
89.8%
2000 Athletics
Jason Giambi
89.8%
1987 Cubs
Andre Dawson
89.1%
1971 Pirates
Willie Stargell
89.1%
1998 Rockies
Vinny Castilla
87.5%
2006 White Sox
Jermaine Dye
86.7%
1989 Giants
Kevin Mitchell
85.9%
1978 Reds
George Foster
85.2%
1977 Reds
George Foster
85.2%
1937 Yankees
Joe DiMaggio
85.2%
1955 Dodgers
Duke Snider
85.2%
1954 Dodgers
Duke Snider
85.2%
1953 Dodgers
Duke Snider
85.2%
1993 Braves
David Justice
83.6%
2015 Rockies
Nolan Arenado
82.8%
2000 Astros
Richard Hidalgo
82%
1949 Pirates
Ralph Kiner
81.3%
1948 Pirates
Ralph Kiner
81.3%
1947 Pirates
Ralph Kiner
81.3%
1970 Reds
Tony Perez
81.3%
1953 Braves
Eddie Mathews
79.7%
1948 Giants
Johnny Mize
75%
1947 Giants
Johnny Mize
75%
1940 Cardinals
Johnny Mize
75%
1953 Dodgers
Roy Campanella
75%
1961 Giants
Orlando Cepeda
73.4%
2005 Rangers
Mark Teixeira
73.4%
1984 Red Sox
Tony Armas
72.7%
1961 Tigers
Norm Cash
71.9%
2001 Padres
Phil Nevin
71.9%
1954 Dodgers
Gil Hodges
70.3%
1954 Reds
Ted Kluszewski
68.8%
1929 Phillies
Chuck Klein
68.8%
1953 Indians
Al Rosen
64.8%
1961 Orioles
Jim Gentile
56.3%
1961 Giants
Rocky Colavito
54.7%
1936 Indians
Hal Trosky
53.1%
Quiz Playlist
Details
Report
Send in Message
Add To Playlist
Classic:
Type in answers that appear in a list
Last Updated: Feb 16, 2017
Quiz Scoreboard
CHALLENGE
Sign Up to Join the Scoreboard
Show All
Scores
Hide
Comments
May contain spoilers
Recently Published
Holiday 10x10 Sorting Gallery
by lukepisani3
Holiday
15m
Two Season TV Shows II
by 123Four
Television
10m
Image Sorting: Flags VI
by Barbecue
Geography
2m
More to Explore
Quiz From the Vault
Featured Blog Post
14 Easter Pick-up Lines to Find Eggs With
hide this ad
You Might Also Like...
Tags
120
Player
rbi
season
team
total
Today's Top Quizzes in Sports
Browse Sports
hide this ad
Today's Top Quizzes in team
Browse team
Top Contributed Quizzes in Sports
1
Les meilleurs buteurs des matchs entre le PSG et l’OM
2
Les entraîneurs de l'OM et du PSG au 21e siècle
3
2022 World Cup Stars
4
Players with Multiple 50 Home Run Seasons
5
Les joueurs passés par le PSG et l'OM
6
FIFA Club World Cup Champions
7
Top 10 NHL Goal Scorers of All Time
8
Criteria MLB: Left Handed Sluggers
9
Les joueurs passés par le LOSC et le RC Lens
10
2023 MLB Unique Player Accomplishments
Explore More
Trending Topics
Disney
Kpop
Harry Potter
NBA
Crossword
Anime
Marvel
The Office
Country
NFL
Soccer
Song
WWE
Puzzle
Pokémon
hide this ad
More By:
lukemaltais
Quiz
Plays
Rating
Category
Featured
Created
MLB Players with 50+ HR & 140+ RBI
76,778
4.56
Sports
Sep 2, 2015
Players with Multiple 50 Home Run Seasons
49,073
4.14
Sports
Aug 30, 2022
Skillful MLB Teammates
22,824
4.67
Sports
May 1, 2016
MLB Players With Consecutive 50+ HR Seasons
22,591
4.74
Sports
Dec 9, 2020
MLB Teams Backwards
21,801
3.23
Sports
Feb 1, 2016
Go to Creator's Profile
Score Distribution
Quiz Creator Spotlight
lukemaltais
Follow
Send a Message
Quizzes Created
-
Created Quiz Play Count
-
More By This Creator
Popular Quizzes Today
1
Find the US States - No Outlines Minefield
2
Colored Red Africa Blitz
3
Find the 'City' Movie
4
The Countries of the World
5
Find the US States
6
5x2 Blitz: Bands
7
Find the Countries of Europe - No Outlines Minefield
8
US States
More Sports Quizzes
Top 20 Premier League Goal Scorers- Brazilian Players
Quiz Lab
Trending Quizzes
Colored Red Europe Blitz I
Colored Red Europe Blitz II
Colored Red Africa Blitz II
Colored Red Europe Blitz III
Colored Red Africa Blitz III
Recently Updated
Odd Team Out - Big 4 Players
pecheneg
Quick Pick: 20 Twenties
pecheneg
March Madness Men's Triple Doubles
pecheneg
How Do You Spell That?
pecheneg
Godzilla Movies
pecheneg
Grab Bag: 4-10 Letters
pecheneg
2024 March Madness Bracket
pecheneg
Famous TV Couples
Peacemaker
Champions League XIs: Real Madrid
pecheneg
Largest US Cities 1790-2010
pecheneg
Trending Topics
Harry Potter
Kpop
Anime
NBA
Marvel
Disney
Crossword
Pokémon
Puzzle
Song
NFL
The Office
Soccer
WWE
Country
Your Account Isn't Verified!
In order to create a playlist on Sporcle, you need to verify the email address you used during registration. Go to your
Sporcle Settings
to finish the process.
Report this User
Report this user for behavior that violates our
Community Guidelines
.
Details:
Send Report
Go to the Sporcle.com Mobile Site →
Comments